| 000 | 02697nam a2200421 i 4500 | ||
|---|---|---|---|
| 001 | 58390 | ||
| 003 | CO-BoRNBP | ||
| 005 | 20250822135300.0 | ||
| 007 | ta | ||
| 008 | 250217s2025 ck gr 000 fdspa | ||
| 020 | _a9789587536591 | ||
| 020 |
_a9789587534245 _q(obra completa) |
||
| 040 |
_aCO-BoRNBP _bspa _erda _cCO-BoRNBP |
||
| 041 | 1 |
_aspa _hfre |
|
| 043 | _as-ck--- | ||
| 084 | _aN | ||
| 100 | 1 |
_aDávila de Ponce de León, Waldina, _d1823-1900, _eaut _963058 |
|
| 245 | 1 | 0 |
_aGrietas en el paisaje : _bantología de novela corta / _cWaldina Dávila de Ponce de León [y otros cuatro] ; prólogo de Andrea Mejía ; traducción del francés, Natalia Garzón Martínez. |
| 250 | _aPrimera edición | ||
| 264 | 1 |
_aBogotá, Colombia : _bMinisterio de las Culturas, las Artes y los Saberes : _bBiblioteca Nacional de Colombia, _c2025. |
|
| 300 |
_a464 páginas ; _c21 cm. |
||
| 336 |
_atexto _btxt _2rdacontenido |
||
| 337 |
_asin mediación _bn _2rdamedio |
||
| 338 |
_avolumen _bnc _2rdasoporte |
||
| 490 | 0 |
_aBiblioteca de escritoras colombianas. Segunda entrega ; _v3 |
|
| 500 | _aIncluye datos biográficos de las autoras. | ||
| 520 | 3 | _a"Las novelas contenidas en este volumen aparecieron entre 1892 y 2012. Las primeras tienen formas clásicas y se enmarcan en el romanticismo. A medida que avanza el siglo XX se vuelven cada vez más experimentales, intimistas, sociales o psicológicas. La muerte es uno de los temas comunes: dolorosa siempre; invencible en unas; una extraña aliada en otras. Destacan los personajes de escritoras. Para ellas, la escritura es una fisura por donde pueden escapar del mundo y penetrar el misterio de las conciencias propias y ajenas. También figura el personaje de una adivina, que con su esfera de cristal y poderes clarividentes hace lo mismo que las escritoras: ver más allá que lxs otrxs. Se encuentran, además, fantasmas, seres andróginos, sin sexo, que a voluntad cambian de género o que por sus costumbres u orientación sexual desafían la norma. Cinco novelas, en suma, como grietas en el paisaje." -- Tomado de la fuente. | |
| 650 | 1 | 7 |
_aNovela colombiana _ySiglos XIX-XX _vColecciones _2ARMARC _963059 |
| 650 | 1 | 7 |
_aLiteratura colombiana _ySiglos XIX-XX _vColecciones _2ARMARC _963060 |
| 650 | 1 | 7 |
_aAutoras colombianas _ySiglos XIX-XX _vColecciones _2ARMARC _963061 |
| 700 | 1 |
_aMejía, Andrea, _ewfw _963062 |
|
| 700 | 1 |
_aGarzón Martínez, Natalia, _etrl _91104 |
|
| 700 | 1 |
_aGómez Jaime de Abadía, Herminia, _d1861-1926, _eaut _963063 |
|
| 700 | 1 |
_aUribe de Estrada, María Helena, _d1928-2015, _eaut _963064 |
|
| 700 | 1 |
_aIriarte, Helena, _d1937- , _eaut |
|
| 700 | 1 |
_aMoreno, Marvel, _d1939-1955, _eaut _963065 |
|
| 942 |
_cBKLIT _n0 _2ddc |
||
| 999 |
_c58390 _d58390 |
||